Statistics for World Capitals Closest to Tokyo - distance order

Click here to take the quiz!

General Stats

  • This quiz has been taken 100 times
  • The average score is 9 of 21

Answer Stats

kmCapitalmiles% Correct
1155Seoul717
100%
2095Beijing1302
90%
1286Pyongyang799
90%
2105Taipei1308
83%
2999Manila1863
74%
3673Hanoi2282
58%
3011Ulaanbaatar1871
51%
4144Vientiane2575
47%
4610Bangkok2865
44%
4413Phnom Penh2742
35%
3716Palikir2309
29%
4533Majuro2817
26%
3181Ngerulmud1977
26%
4783Thimphu2972
24%
4891Dhaka3039
23%
4604Naypyidaw2861
23%
4923Yaren3059
22%
4266Bandar Seri Begawan2651
18%
5144Tarawa3196
15%
5087Port Moresby3161
14%
5144Dili3196
12%

Score Distribution

Percentile by Number Answered

Percent of People with Each Score

Your Score History

You have not taken this quiz